000
00195 a2200097 4500
020
_a
9788475096957
041
_a
spa
100
_a
jampolsky,Geral.g
245
_a
Amar es la respuesta
942
_c
BK
999
_c
11306
_d
11306